| 000 | 00478nam a22001697a 4500 | ||
|---|---|---|---|
| 005 | 20240822072534.0 | ||
| 008 | 240822b |||||||| |||| 00| 0 eng d | ||
| 020 | _a9781485151630 | ||
| 041 | _aEnglish | ||
| 082 | _a349 YEA | ||
| 100 | _lEnglish | ||
| 245 | _aYearbook of South African Law | ||
| 260 |
_aCape Town: _bJuta and Company Ltd, _c2024 |
||
| 300 |
_blxv, 1272 pages; _c25 cm. |
||
| 650 |
_aLegal practice _bLaw |
||
| 942 |
_cBK _6ALISON_BN_VRIES |
||
| 999 |
_c2760 _d2760 |
||